=LDR 00000nam 2200000 4500 =001 INLIS000000000005137 =005 20251008013715 =035 ##$$a 0010-1025000192 =007 ta =008 251008###########################0#ind## =082 ##$$a 354.598 =084 ##$$a 354.598 BAD r =100 #$$a Badan Koordinasi Keluarga Berencana Nasional =245 1#$$a RINGKASAN EKSEKUTIF MEMORI AKHIR MASA JABATAN /$c Badan Koordinasi Keluarga Berencana Nasional =260 ##$$a Jakarta :$b Badan Koordinasi Keluarga Berencana Nasional,$c 1998 =300 ##$$a 9 Hal : $b ilus ; $c 21 =650 #4$$a Keluarga Berencana =856 ##$$a Perpustakaan Kemendukbangga